[Event "USA College-ch"]
[Site "Brownsville"]
[Date "2010.04.11"]
[Round "3"]
[White "Erenburg, Sergey"]
[Black "Flores Rios, Mauricio"]
[Result "1-0"]
[WhiteElo "2580"]
[BlackElo "2509"]
[Annotator "Erenburg,S"]
[PlyCount "141"]
[EventDate "2010.04.10"]
[EventType "team-tourn"]
[EventRounds "3"]
[EventCountry "USA"]
[SourceTitle "CBM 135 Extra"]
[Source "ChessBase"]
[SourceDate "2010.05.04"]
[SourceVersion "1"]
[SourceVersionDate "2010.05.04"]
[SourceQuality "1"]

1. e4 c5 2. Nf3 e6 3. d4 cxd4 4. Nxd4 Nc6 5. Nc3 Qc7 6. Be3 a6 7. Be2 Nf6 8.
O-O Bb4 9. Na4 Be7 10. Nxc6 bxc6 11. Nb6 Rb8 12. Nxc8 Qxc8 13. Bd4 O-O {
Even though White has the pair of bishops, this variation has a solid
reputation for Black, since his centre is strong and he does not have passive
pieces.} (13... c5 {is considered to be the main line.}) 14. e5 {Fixing
Black's pawn structure as it is. White has created a target in Black's camp,
namely, the d7 pawn. At some point, Black will have to play ...d7-d6 or ...
f7-f6, which will worsen his pawn structure.} ({Another typical way to protect
the central pawn is} 14. Qd3 Qc7 ({But, now Black does not have to move his
rook to b6 after Be5:} 14... c5 15. Be5 d6 16. Bc3 (16. Bxd6 Rd8) 16... Qc6 $1
17. Bf3 Nd7 $11) 15. b3 a5 16. Rad1 d5 17. exd5 Nxd5 18. Bf3 Rfd8 19. c4 Nf6
20. Qc3 $14 {1/2-1/2 Shirov,A (2715)-Anand,V (2757)/Linares 2002/CBM 088 (52)})
14... Nd5 15. c4 (15. b3 f6 16. Qd2 c5 17. Bb2 fxe5 18. Bxe5 d6 19. Bg3 Nf6 20.
Bf3 Kh8 21. c4 e5 22. Rae1 Qc7 23. Bd1 Rbe8 24. f4 Nd7 25. Bc2 exf4 26. Bxf4
Ne5 27. Qd5 $14 {1-0 Jakovenko,D (2710)-Rahman,Z (2497)/Khanty Mansiysk 2007/
CBM 122 (80)}) 15... Nf4 16. Bf3 (16. g3 Nxe2+ 17. Qxe2 c5 18. Bc3 f5 19. Rad1
Qc6 20. f4 Rf7 21. b3 Rb7 22. Rd3 Ra7 23. h4 g6 24. Ba5 Rb7 25. Rfd1 $14 {
1/2-1/2 Anand,V (2785)-Polgar,J (2732)/Sofia 2005/CBM 107 (45)}) 16... Qc7 17.
g3 {I chose to develop my queen to e2, from where it supports the e5 pawn, and,
also sets the d-file free for the rooks.} (17. Re1 Ng6 18. c5 {The idea of
this move is to fix the d7-pawn, which may become a target for White. However,
its drawback is that Black will be able to transfer his knight to the
d5-square.} f6 19. exf6 Bxf6 20. Be4 Nf4 21. Bxf6 Rxf6 22. Qc2 h6 23. Rad1 Nd5
24. g3 a5 $11 {1/2-1/2 Kasparov,G (2838)-Anand,V (2757)/Linares 2002/CBM 088 
(42)}) 17... Ng6 18. Qe2 {Preparing the d-file for the rooks.} (18. Re1 {
is met by} Bb4 $1) 18... c5 19. Bc3 f6 $146 {It makes more sense to open the
f-file for the rooks.} ({After} 19... d6 {White is better:} 20. exd6 Bxd6 21.
Rfe1 Rbe8 22. Rad1 Rd8 23. Bg2 Be7 24. h4 $14 {1-0 Priborsky,I (2288)-Holzmann,
H (2127)/Aschach 2005/CBM 110 ext (65)}) 20. exf6 Bxf6 21. Bxf6 Rxf6 22. Rad1
$14 {White has a superior pawn structure, which promises him a slight, but
stable advantage.} Ne7 {[%cal Ye7f5,Yf5d4] Intending to occupy the d4
stronghold.} 23. Be4 Nf5 (23... Nc6 $5 {does not seem to change too much:} 24.
Bxc6 ({Black seems to hold after} 24. Qh5 h6 25. Qxc5 Rxb2 26. Rd6 Rxa2 27.
Bxc6 Ra5 28. Rxd7 (28. Qb4 $5 dxc6 29. c5 Rf5 $11) 28... Qxd7 29. Qxa5 Qxc6 30.
Rc1 Rf5 31. c5 Rd5 $11) 24... Qxc6 25. Rd2 $14 {[%cal Yf1d1]}) 24. Bxf5 Rxf5
25. Rd2 Rbf8 26. Qd3 $1 {forcing Black to weaken the 8th rank.} ({There is no
reason to give Black an extra resource of trading his rooks for White's queen.
} 26. Rfd1 $6 Rxf2 27. Qxf2 Rxf2 28. Kxf2 Qb6 $1 $11 {[%cal Yd7d5]}) 26... R8f7
(26... d5 {weakens the pawn structure too much.} 27. cxd5 Rxd5 28. Qc3 $14) 27.
Qe4 {[%cal Ye4a8] Threatening to win the a6-pawn.} a5 28. Rfd1 $14 {Now I was
ready to check from a8 with a subsequent capture on d7. White's pieces have
occupied ideal positions, but, it is not so easy to overcome Black's
resistance, since he does not have many weaknesses and has some counterplay
along the f-file.} Qc8 29. Re2 {[%cal Yd1d6,Yd6b6,Gd1d3,Gd3b3,Yb3a3] White is
preparing to invade Black's camp via the sixth or third rank.} (29. f4 {
would set the d2 rook free, but, would make White's king more vulnerable.} h6 {
[%cal Yg7g5]} (29... g5 $2 30. fxg5 Rxg5 31. Rxd7 $18)) 29... h5 {Preparing
some counterplay on the kingside.} (29... Qc7 30. Rd3) 30. Rd6 Qb8 (30... Qc7
31. Ra6 $14 {and Black is short on useful moves.}) 31. Ra6 Qc7 32. Qa8+ Rf8 $6
({Apparently better was} 32... Kh7 {, keeping White's pieces in the corner. In
any event, White keeps a stable advantage after} 33. Qa7 (33. Ra7 Qd6 34. Qe4
$14) (33. Qe4 Kg8 34. h4 $14) 33... Qd8 34. Qb7 Qf6 35. Qe4 $14) 33. Qa7 Qd8
34. Rd6 $1 R8f7 $1 {Somehow, Black is still in the game.} (34... Qf6 {is
obviously bad, in view of} 35. Rxd7 Rxf2 36. Rxg7+ $1 Kh8 37. Rh7+ Kg8 38. Qg7+
$1 $16) (34... Rxf2 {loses on the spot:} 35. Rxf2 Rxf2 36. Rxd7 Qf6 37. Rxg7+
Kf8 (37... Kh8 38. Rh7+ Kg8 39. Qg7+) 38. Qxc5+ Kxg7 39. Qxf2 $18) 35. Red2 Qf6
36. Rxd7 $2 {I was sure that I am forcing a better RR endgame, but, apparently,
Black could have held it.} ({I should have preferred} 36. Qa8+ $5 Rf8 (36...
Kh7 37. Qe4 $16) 37. Qg2 Rf7 38. f4 $16 {and White's pressure will lead to
some material advantage.}) 36... Qe5 $2 {seeking some tactical chances.} ({
However, the direct} 36... Rxf2 {should have been preferred.} 37. Rxf7 (37.
Qa8+ Kh7 38. Rxf7 Rf1+ 39. Kg2 Qxf7 $14) 37... Rf1+ {Of course, Black does not
lose his rook.} 38. Kg2 Qxf7 39. Qxf7+ ({Black survives after} 39. Rd8+ Kh7 40.
Qxf7 Rxf7 41. Rc8 Rb7 $1 42. b3 a4 $1 43. bxa4 Rb2+ 44. Kh3 Rxa2 45. Rxc5 Rxa4
46. Rxh5+ Kg6 47. Rc5 Ra2 48. g4 {even though White has some chances to win
the game.}) 39... Rxf7 40. Kh3 (40. Re2 Rd7 41. Kh3 Kf7 42. Kh4 g6 43. Kg5 Rd4
44. Kh6 $14) 40... g5 41. Re2 Kg7 $1 {I completely missed this resource when I
was calculating 36.Rxd7.} 42. Re5 Rf5 $11) 37. Qa8+ Kh7 38. Rxf7 Rxf7 (38...
Qe1+ 39. Kg2 Rxf7 40. Rc2 h4 (40... Rd7 41. Qf3) 41. f3 $1 $16 {[%cal Ya8e4] /
+-}) 39. Kf1 $1 h4 $2 {This loses a second pawn.} (39... Qf5 {seems like the
last chance for Black.} 40. Re2 (40. h4 $5) 40... Rd7 $1 41. Qe4 Rd1+ 42. Kg2
Qxe4+ 43. Rxe4 Rd2 44. b3 Rxa2 45. Re5 g6 46. Rxc5 $16) 40. Re2 Qh5 41. Qe4+
Kg8 42. Qxe6 $1 h3 (42... hxg3 43. Qe8+ Kh7 44. Qe4+ $18 {[%cal Yh2g3]}) 43.
Qe8+ Kh7 44. g4 $1 Qg6 45. Qe4 $18 {By forcing the rook endgame with two extra
pawns, White is getting a decisive advantage. The rest was easy and needs no
comment.} Rd7 46. f3 Rd4 47. Qxg6+ Kxg6 48. Kf2 Rxc4 49. Kg3 Kf6 50. Kxh3 a4
51. Kg3 Rc1 52. h4 Rc4 53. a3 Rd4 54. Rc2 c4 55. Re2 Rd1 56. Re4 Rc1 57. Kf4
Rc2 58. h5 g5+ 59. hxg6 Kxg6 60. g5 Kf7 61. Kg4 Kg6 62. Re6+ Kf7 63. Rc6 Ke7
64. f4 Kd7 65. Rb6 c3 66. bxc3 Rxc3 67. g6 Ke7 68. f5 Rb3 69. f6+ Kd7 70. Ra6
Rxa3 71. f7 1-0

[Event "Olympiad-33"]
[Site "Elista"]
[Date "1998.09.29"]
[Round "1.2"]
[White "Shabalov, Alexander"]
[Black "Ghorbani, Mohsen"]
[Result "1-0"]
[WhiteElo "2645"]
[BlackElo "2430"]
[Annotator "Ftacnik,L"]
[PlyCount "75"]
[EventDate "1998.09.29"]
[EventType "team-swiss"]
[EventRounds "13"]
[EventCountry "RUS"]
[SourceTitle "CBM 068"]
[Source "ChessBase"]
[SourceDate "1999.02.01"]
[SourceVersion "1"]
[SourceVersionDate "1999.02.01"]
[SourceQuality "1"]
[WhiteTeam "US of America"]
[BlackTeam "Iran"]
[WhiteTeamCountry "USA"]
[BlackTeamCountry "IRI"]

1. e4 c5 2. Nf3 Nc6 3. Nc3 e6 4. d4 cxd4 5. Nxd4 Qc7 6. Be2 a6 7. Be3 Nf6 8.
O-O Bb4 9. Na4 O-O 10. Nxc6 bxc6 11. Nb6 Rb8 12. Nxc8 Rfxc8 13. Bxa6 Rf8 14.
Bd3 Bd6 15. f4 e5 16. f5 Be7 {Black prepares for the impending march of white
pawns on the kingside and at the same time makes way for the counterplay with
d7-d5.} (16... Rxb2 17. g4 Qa5 (17... h6 18. h4 $40) 18. g5 Bc5 19. Bxc5 Qxc5+
20. Kh1 Ne8 21. Qg4 (21. f6 g6 22. Qg4 Nc7 23. Qxd7 (23. h4 Ne6 24. Rae1 Rxa2
25. h5 Qd4 26. hxg6 fxg6 27. Rd1 Nf4 28. c3 Qc5 {0-1 Ionov,S-Totsky,L/Russian
Club Cup/1998/ (38)}) 23... Ne6 24. Qe7 Qe3 25. Rae1 Qxg5 26. Rf2 Qh4 27. Ref1
Rxa2 {1/2-1/2 Kuijf,M-Illescas Cordoba,M/Sevilla op/1987 (37)}) 21... f6 (21...
Nc7 22. a4 Ra8 23. g6 fxg6 24. fxg6 Ne6 25. gxh7+ Kh8 26. Rf7 Rf8 27. Rxd7 Qe3
28. Rg1 g5 29. Re7 Nd4 $2 (29... Nf4 $142 {/\ Nh3 <=>}) 30. Qxg5 Qxg5 31. Rxg5
{1-0 Mueller,K-Cramling,P/Hamburg SKA/1991/ (50)}) 22. g6 h6 23. Rfb1 Qb4 24.
Qg1 d5 25. Rxb2 Qxb2 26. a4 Nd6 27. Rb1 Qa3 28. Qa7 {Mueller,K-Szabolcsi,J/
Autoteam/1991/1-0 (58)}) 17. b3 (17. g4 Rxb2 18. g5 Ne8 19. Qg4 f6 $13) 17...
d5 18. Qf3 (18. exd5 cxd5 19. a4 e4 20. Bb5 Bd6 $44) 18... Rfe8 19. g4 h6 20.
h4 $6 {This move is too hasty, white could have kept all advantages of the
position without sacrifice of the important h pawn.} (20. Bf2 $5 Rb4 21. c4 $16
) 20... dxe4 21. Bxe4 Nxe4 22. Qxe4 Bxh4 23. Rad1 Rbd8 (23... Ra8 24. a4 Red8
25. Rxd8+ Rxd8 26. b4 $14) 24. a4 Bg5 (24... Rxd1 25. Rxd1 Rd8 26. Rxd8+ Qxd8
27. Qd3 $1 $14) 25. Bf2 (25. Bxg5 hxg5 26. Rfe1 $14) 25... Rd5 $5 26. c4 (26.
Rxd5 cxd5 27. Qxd5 Qxc2 28. Re1 Bf4 $132) 26... Rxd1 27. Rxd1 Rd8 28. Rxd8+
Qxd8 {[%mdl 4096] The endgame is better for white, but black is not without
hope in connection with the lack of the pawn cover for white king.} (28... Bxd8
29. b4 Qd6 30. b5 $14) 29. Qe2 (29. Qxe5 $2 Qd1+ 30. Kh2 Qxg4 $15) 29... Qe7 (
29... Bf4 30. b4 $14) 30. a5 Qa3 31. Qxe5 Qxb3 32. a6 (32. Qe2 $5 Qa4 33. Bb6
Bf6 $15) 32... Qd1+ (32... Qxc4 $2 33. a7 $1 Qxg4+ 34. Bg3 $1 Qd1+ 35. Kg2 $18)
33. Kg2 (33. Kh2 Qxg4 34. Bg3 Qxc4 35. Qb8+ Kh7 36. a7 Qe2+ 37. Kh3 Qf1+ 38.
Kh2 Be3 39. a8=Q Bg1+ 40. Kh1 Ba7+ 41. Kh2 Qg1+ 42. Kh3 Qh1+ 43. Bh2 (43. Kg4
h5+ 44. Kf4 Qc1+ 45. Kf3 Qf1+ 46. Ke4 Qe2+ 47. Kf4 Qe3#) 43... Bxb8 44. Qxb8
Qf3+ 45. Bg3 Qxf5+ $19) 33... Qxg4+ 34. Qg3 Qxc4 $2 {The situation is critical,
since a white pawn is so close to the promotion square. Black had to play with
utmost accuracy.} (34... Qe4+ $1 35. Kg1 Bf4 36. Qa3 Bb8 37. a7 Qg4+ 38. Kh1
Bxa7 39. Qxa7 Qxf5 $13) 35. a7 Qa4 (35... Qe4+ 36. Kg1 Qb1+ 37. Kh2 Qa2 38.
Qb8+ Kh7 39. Kg1 $18) 36. Qb8+ Kh7 37. a8=Q Qe4+ 38. Kg1 (38. Kg1 Qg4+ 39. Qg3
Qd1+ 40. Kg2 $18) 1-0

[Event "Olympiad-31"]
[Site "Moscow"]
[Date "1994.12.06"]
[Round "6.4"]
[White "Kaminski, Marcin"]
[Black "Miladinovic, Igor"]
[Result "0-1"]
[WhiteElo "2440"]
[BlackElo "2500"]
[Annotator "Ftacnik,L"]
[PlyCount "86"]
[EventDate "1994.12.01"]
[EventType "team-swiss"]
[EventRounds "14"]
[EventCountry "RUS"]
[SourceTitle "CBM 045"]
[Source "ChessBase"]
[SourceDate "1995.04.01"]
[SourceVersion "1"]
[SourceVersionDate "1995.04.01"]
[SourceQuality "1"]
[WhiteTeam "Poland"]
[BlackTeam "Serbia & Montenegro"]
[WhiteTeamCountry "POL"]
[BlackTeamCountry "YUG"]

1. e4 c5 2. Nf3 Nc6 3. d4 cxd4 4. Nxd4 Qc7 5. Nc3 e6 6. Be2 a6 7. O-O Nf6 8.
Be3 Bb4 9. Na4 Be7 $1 (9... O-O 10. Nxc6 bxc6 11. c4 $14) 10. Nxc6 bxc6 11. Nb6
Rb8 12. Nxc8 Qxc8 13. e5 Nd5 14. Bc1 Bc5 15. Qd3 (15. Kh1) 15... Qc7 $1 (15...
O-O 16. Qg3 $14) 16. Qc4 Ba7 17. Qe4 O-O $1 $146 18. Bxa6 f5 19. exf6 (19. Qe2
Bd4 $17) 19... Rb4 $1 20. Qe2 Nxf6 21. Be3 (21. h3 $5) 21... Rxb2 (21... Ng4
22. g3) 22. Bxa7 Qxa7 23. Bc4 Rb4 24. g3 $2 (24. h3 $142 $5 $15) 24... Qc5 $1
25. Bb3 Re4 26. Qd3 Rd4 27. Qe2 Ne4 28. Qe3 d5 (28... Rxf2 $2 29. Bxe6+ $3 Kh8
(29... dxe6 30. Rxf2 Rd1+ 31. Rxd1 Qxe3 32. Rd8#) 30. Rxf2 Rd1+ 31. Kg2 $3 Qxe3
32. Rf8#) 29. f3 $6 (29. Rad1 Rxd1 30. Rxd1 Qxe3 31. fxe3 Ra8 32. c4 Kf8 $17)
29... Nd2 30. Rf2 (30. Qxe6+ Kh8 31. Rf2 Nxf3+ 32. Kg2 Re4 $19) 30... Nxf3+ 31.
Kg2 (31. Rxf3 Rxf3 32. Qxf3 Rf4+ $19) 31... Nh4+ 32. Kh3 (32. gxh4 Rg4+ 33. Qg3
Qxf2+ $19) 32... Rxf2 33. Qxf2 Nf5 34. Rf1 Qc3 35. Re1 g5 $1 36. Re2 (36. Rxe6
g4+ 37. Kg2 Rd2 38. Re2 Ne3+ 39. Kg1 Rd1+ $19) 36... c5 37. Kg2 Kg7 38. h3 (38.
Rxe6 Rd2 39. Re2 Ne3+ 40. Kf3 (40. Kh3 g4+ 41. Kh4 Rxe2 42. Qxe2 Qf6+ 43. Kh5
Qh6#) 40... Qf6+ 41. Kxe3 Qc3#) 38... h5 39. Qf3 Qxf3+ 40. Kxf3 g4+ 41. hxg4
hxg4+ 42. Kf2 Kf6 43. a4 Rb4 0-1

[Event "Aars"]
[Site "Aars"]
[Date "1995.??.??"]
[Round "8"]
[White "Hansen, Sune Berg"]
[Black "Hansen, Curt"]
[Result "1/2-1/2"]
[WhiteElo "2490"]
[BlackElo "2635"]
[Annotator "Giese"]
[PlyCount "89"]
[EventDate "1995.10.??"]
[EventType "tourn"]
[EventRounds "9"]
[EventCountry "DEN"]
[EventCategory "9"]
[SourceTitle "CBM 050"]
[Source "ChessBase"]
[SourceDate "1996.02.01"]
[SourceVersion "1"]
[SourceVersionDate "1996.02.01"]
[SourceQuality "1"]

1. e4 c5 2. Nf3 e6 3. d4 cxd4 4. Nxd4 Nc6 5. Nc3 a6 6. Be3 Qc7 7. Be2 Nf6 8.
O-O Bb4 9. Na4 O-O 10. Nxc6 bxc6 11. Nb6 Rb8 12. Nxc8 Qxc8 13. e5 Nd5 14. Bc1
Bc5 15. Qd3 Qc7 16. Qe4 f5 17. exf6 Rxf6 18. Bd3 g6 19. Kh1 Bxf2 20. Bg5 Rf5
21. Qe2 Bg1 22. Kxg1 Rxg5 23. Qf3 Qe5 24. Rae1 Qg7 25. c4 Rxb2 $1 26. cxd5
Rbxg2+ 27. Kh1 Rxh2+ $1 {Although White lost his queen and all his pawns, he
still doesn`tt loose the game. Danach verliert Weiß seine Dame und alle Bauern,
verliert aber dennoch nicht die Partie.} 28. Kxh2 Qh6+ 29. Qh3 Rh5 30. Rf3
Rxh3+ 31. Rxh3 Qf4+ 32. Kg2 (32. Rg3 $2 Qf2+ $19) (32. Kh1 cxd5 33. Bxa6 Qa4
34. Bd3 $44 {[%cal Ye1f1,Yh3f3,Gf1f8] ->>>}) 32... cxd5 33. Bxa6 Qa4 34. Bd3
Qxa2+ 35. Re2 Qa4 36. Rf3 $1 {[%cal Ye2f2,Yf3f8]} Qg4+ 37. Rg3 Qb4 38. Rf3 Kg7
39. Ref2 e5 (39... Qe7 $142 $5 {The best try for a win Der beste Versuch, auf
Gewinn zu spielen}) 40. Rf7+ Kh6 41. Kh1 {[%cal Yf2h2]} Qe1+ 42. Bf1 e4 43.
Rh2+ Kg5 44. Rg2+ Kh6 45. Rh2+ 1/2-1/2

[Event "Nuremberg LGA Cup 8th"]
[Site "Nuremberg"]
[Date "2011.09.09"]
[Round "3"]
[White "Koepke, Christian"]
[Black "Milov, Leonid"]
[Result "1-0"]
[WhiteElo "2319"]
[BlackElo "2454"]
[Annotator "Gutman,L"]
[PlyCount "55"]
[EventDate "2011.09.08"]
[EventType "swiss"]
[EventRounds "7"]
[EventCountry "GER"]
[SourceTitle "CBM 144 Extra"]
[Source "ChessBase"]
[SourceDate "2011.10.28"]
[SourceVersion "1"]
[SourceVersionDate "2011.10.28"]
[SourceQuality "1"]

1. e4 c5 2. Nf3 e6 3. d4 cxd4 4. Nxd4 Nc6 5. Nc3 Qc7 6. Be3 a6 7. Be2 b5 {
Eine moderne Variante, die auch Risiken birgt.} ({Als etwas solider gilt} 7...
Nf6 8. O-O ({Oder} 8. a3 Na5 9. f4 d6 10. g4 Nc4 11. Bc1 b5 {Lanka-Gershon,
Bad Wiessee 2002}) 8... Bb4) 8. Nxc6 Qxc6 9. e5 Bb7 10. Bf3 Qc7 11. O-O Bxf3 $5
{Dies sollte eine Verbesserung sein.} ({Nach} 11... Rc8 12. Bxb7 Qxb7 13. Qd3
Ne7 14. Ne4 Nf5 15. Rad1 Be7 16. c3 O-O (16... Rc4 17. f3 Nxe3 18. Qxe3 O-O 19.
Rd3 $14 {Prasanna-Milov, Balagne 2010}) 17. Bf4 ({Farblos ist} 17. Bc1 Rfd8 $11
{Hirnreise-Swinkels, Deizisau 2009}) ({doch kommt} 17. Bg5 Bxg5 18. Nxg5 f6 19.
exf6 gxf6 20. Nf3 Rf7 21. Rfe1 Rg7 22. g3 $14 {in Betracht}) 17... Rfd8 18. g4
Nh4 19. Bg3 Ng6 20. f4 Rc4 21. Rfe1 $14 {behält Weiß die besseren Aussichten.})
12. Qxf3 Rc8 13. Bf4 ({Verlockend, aber kaum ausreichend ist} 13. Ne4 Qxe5 14.
c3 d5 15. Ng5 Nf6 $15) 13... Ne7 14. Rad1 Ng6 15. Rfe1 Be7 ({Nach} 15... Bb4 {
ist} 16. Ne4 $1 {gut,} O-O ({Oder} 16... Nxe5 17. Qg3) 17. c3 Be7 18. Bg3 $14)
16. Re2 ({Hier bringt} 16. Ne4 O-O {Weiß nicht weiter,} 17. c3 (17. Re2 $6 b4
18. Bg3 Qa5 $15) 17... b4 18. Bg3 bxc3 19. Nxc3 Qb8 20. Re2 Rc7 $11) 16... O-O
17. Bg3 b4 18. Ne4 Qa5 19. a3 bxa3 ({Möglich war} 19... Nxe5 20. Bxe5 Qxe5 21.
Nd6 Qxb2 22. Nxc8 Rxc8 23. axb4 Qxb4 24. Qd3 Qb6 25. c4 Rd8 26. Rb1 Bb4 27. c5
Qxc5 28. Qxa6 Bc3 $11) 20. bxa3 Rc6 ({Auch} 20... Rfd8 21. h4 h6 22. h5 {
hat Schwarz nicht zu fürchten,} Nxe5 (22... Nf8 23. Nf6+ Kh8 24. Ne4 Kg8 $11)
23. Bxe5 Qxe5 24. Nd6 Qxd6 25. Rxd6 Bxd6 26. Qd3 Rc6 27. Re4 Bf8 $11) 21. h4
Bxh4 22. Bxh4 Nxh4 23. Qh5 Ng6 24. Re3 h6 25. Nf6+ Kh8 $2 {Leonid Milov
überschätzt seine Stellung.} ({Zum Remis führte} 25... gxf6 26. Rg3 d6 ({
Aber nicht} 26... Qxe5 $2 27. Rxg6+ fxg6 28. Qxg6+ Kh8 29. Rxd7 $18) 27. Rxg6+
(27. Qxh6 Qxe5) 27... fxg6 28. Qxg6+ Kh8 29. Qxh6+ Kg8) 26. Rxd7 Rc3 ({Nach} 
26... Rc7 27. Rxf7 Rcxf7 28. Qxg6 Rxf6 29. exf6 Rxf6 30. Qd3 $14 {gefällt die
weiße Stellung etwas besser.}) 27. Rxf7 Rxe3 $4 ({Notwendig war} 27... Rxf7 28.
Qxg6 gxf6 29. Qxf7 Rxe3 30. Qxf6+ Kh7 31. fxe3 Qxa3 32. Qf7+ Kh8 33. Qxe6 Qxe3+
34. Kh2 Qf4+ 35. Kh3 Qe3+ 36. g3 Qe4 $11 {und Schwarz sollte remis schaffen
können.}) 28. Qxh6+ 1-0

[Event "Salou-A"]
[Site "Salou"]
[Date "2000.??.??"]
[Round "9"]
[White "Montell Lorenzo, Joan Carlos"]
[Black "Pogorelov, Ruslan"]
[Result "0-1"]
[WhiteElo "2327"]
[BlackElo "2445"]
[Annotator "Hecht,H"]
[PlyCount "144"]
[EventDate "2000.10.16"]
[EventType "tourn"]
[EventRounds "9"]
[EventCountry "ESP"]
[EventCategory "10"]
[SourceTitle "CBM 080"]
[Source "ChessBase"]
[SourceDate "2001.01.25"]
[SourceVersion "1"]
[SourceVersionDate "2001.01.25"]
[SourceQuality "1"]

1. e4 c5 2. Nf3 Nc6 3. d4 cxd4 4. Nxd4 Qc7 5. Nc3 e6 6. Be2 a6 7. Be3 Nf6 8.
Qd2 Bb4 9. f3 d5 10. Nxc6 bxc6 11. a3 Bd6 12. Bd3 Rb8 13. f4 d4 14. Bxd4 Bxf4
15. Qe2 c5 16. Bxf6 gxf6 17. g3 Be5 18. Nd1 h5 19. c3 h4 20. gxh4 Rxh4 21. Nf2
Qb6 22. O-O-O c4 23. Bxc4 Bxc3 24. b3 Bd4 25. Ng4 Qa5 26. Rxd4 Qc3+ 27. Kb1
Qxd4 28. Rd1 Qc3 29. Rd3 Qa5 30. Nxf6+ Ke7 31. Qf2 Qg5 32. Ng8+ Kf8 33. Rg3 Qe5
34. Nf6 Rf4 35. Nh7+ Ke7 36. Qd2 Qxe4+ 37. Ka2 Qf5 38. Rg8 Rf2 39. Be2 Rxe2 40.
Qxe2 Qxh7 41. Qg2 Qf5 42. Qd2 Qd5 43. Qc3 Qd6 44. Rxc8 Qxh2+ 45. Kb1 Qg1+ 46.
Kb2 Qf2+ 47. Kc1 Rxc8 48. Qxc8 {[#] Systematisches Vorgehen der verbundenen
Freibauern unter ständiger Verbesserung der Positionen von Dame und König. Der
Gewinn ist eine Frage der guten Koordination aller schwarzen Steine. Technik!}
Qb6 49. Kc2 f5 50. Qg8 Qc5+ 51. Kb2 Qd4+ 52. Kc2 f4 53. Qh7+ Kd6 54. Qb7 Qc5+
55. Kb2 Qb5 56. Qa8 e5 57. a4 Qe2+ 58. Kc3 Qe3+ 59. Kc2 Qc5+ 60. Kb2 Qc6 61.
Qf8+ Kd5 62. Qg8+ Ke4 63. Qg2+ f3 64. Qg3 Qf6 65. Qe1+ Kf5 66. a5 e4+ 67. Ka3
Qd6+ 68. b4 Qd3+ 69. Ka4 Qe2 70. Qb1 f2 71. Qb3 Qb5+ 72. Ka3 Qd3 0-1